Odīgós tīs Thásou
Gespeichert in:
| VerfasserInnen: | |
|---|---|
| Mitwirkende: | |
| Dokumenttyp: | Buch |
| Sprache: | Greek French |
| Veröffentlicht: |
[Athènes]
: École française d'Athènes
, 2012
|
| Ausgabe: | 2ē ékdosē ananeōménē kai epauxēménē |
| Schriftenreihe: | Sites et monuments
3 |
| Schlagwörter: | |
| Bibliogr. Hinweis: | Rezensiert in:
[Rezension von: Yves Grandjean, François Salviat, Οδηγός της Θάσου - Guide de Thasos] |
| Verantwortlich: | tōn Yves Grandjean kai François Salviat ; me tī synergasía tōn Francine Blondé, Anne Coulié, Bernard Holtzman... [et al.] ; schédia kai katópseis Manuela Wurch-Koželj ; me tī syndromī́ tou Tony Koželj ; metáfrasī apó ta galliká Giṓrgos M. Sanidás ; epiméleia Ártemis Argýrī |
| LEADER | 03476cam a22005292 4500 | ||
|---|---|---|---|
| 001 | 1823126081 | ||
| 003 | DE-627 | ||
| 005 | 20221125131112.0 | ||
| 007 | tu | ||
| 008 | 221122s2012 gr ||||| 00| ||gre c | ||
| 020 | |a 9782869582514 |c br |9 978-2-86958-251-4 | ||
| 035 | |a (DE-627)1823126081 | ||
| 035 | |a (DE-599)KXP1823126081 | ||
| 040 | |a DE-627 |b ger |c DE-627 |e rakwb | ||
| 041 | |a gre |h fre | ||
| 044 | |c XA-GR |c XA-FR | ||
| 100 | 1 | |a Grandjean, Yves |e VerfasserIn |0 (DE-588)1124913971 |0 (DE-627)87922407X |0 (DE-576)483226009 |4 aut | |
| 245 | 1 | 0 | |6 880-01 |a Odīgós tīs Thásou |c tōn Yves Grandjean kai François Salviat ; me tī synergasía tōn Francine Blondé, Anne Coulié, Bernard Holtzman... [et al.] ; schédia kai katópseis Manuela Wurch-Koželj ; me tī syndromī́ tou Tony Koželj ; metáfrasī apó ta galliká Giṓrgos M. Sanidás ; epiméleia Ártemis Argýrī |
| 250 | |6 880-01 |a 2ē ékdosē ananeōménē kai epauxēménē | ||
| 264 | 1 | |a [Athènes] |b École française d'Athènes |c 2012 | |
| 300 | |a 1 vol. (385 p.-[8] f. de pl. dépl.) |b ill. en noir et coul., plans, cartes, couv. ill. en coul |c 24 cm | ||
| 336 | |a Text |b txt |2 rdacontent | ||
| 337 | |a ohne Hilfsmittel zu benutzen |b n |2 rdamedia | ||
| 337 | |a ohne Hilfsmittel zu benutzen |b n |2 rdamedia | ||
| 338 | |a Band |b nc |2 rdacarrier | ||
| 490 | 0 | |a Sites et monuments |v 3 | |
| 500 | |a 1ères éditions 1974, (française1987) | ||
| 500 | |a Bibliogr. p. 13-14 et fins de chapitres. Notes bibliogr. Glossaire. Index | ||
| 650 | 4 | |a Archéologie et histoire - Grèce - Thasos (Grèce ; île) | |
| 650 | 4 | |a Fouilles archéologiques - Grèce - Thasos (Grèce ; île) | |
| 650 | 4 | |a Préhistoire - Grèce - Thasos (Grèce ; île) | |
| 650 | 4 | |a Antiquités - Thasos (Grèce ; île) | |
| 650 | 4 | |a Guides touristiques et de visite | |
| 651 | 4 | |a Thasos (Grèce ; île) | |
| 651 | 4 | |a Thasos (ville ancienne) | |
| 700 | 1 | |a Salviat, François |e VerfasserIn |0 (DE-588)1100191283 |0 (DE-627)859160181 |0 (DE-576)469540664 |4 aut | |
| 700 | 1 | |a Blondé, Francine |e MitwirkendeR |0 (DE-588)1124556559 |0 (DE-627)878740961 |0 (DE-576)482823496 |4 ctb | |
| 700 | 1 | |a Coulié, Anne |d 1964- |e MitwirkendeR |0 (DE-588)106527873X |0 (DE-627)815807457 |0 (DE-576)185600743 |4 ctb | |
| 700 | 1 | |a Holtzmann, Bernard |d 1942- |e MitwirkendeR |0 (DE-588)1056666145 |0 (DE-627)794907830 |0 (DE-576)412226189 |4 ctb | |
| 700 | 1 | |a Wurch-Koželj, Manuela |e IllustratorIn |0 (DE-588)1121943632 |0 (DE-627)87503280X |0 (DE-576)481059210 |4 ill | |
| 700 | 1 | |a Koželj, Tony |d 1947- |e IllustratorIn |0 (DE-588)1121943179 |0 (DE-627)875031684 |0 (DE-576)481058222 |4 ill | |
| 787 | 0 | 8 | |i Rezensiert in |a Deoudi, Maria |t [Rezension von: Yves Grandjean, François Salviat, Οδηγός της Θάσου - Guide de Thasos] |d 2015 |w (DE-627)1823660584 |
| 880 | 1 | 0 | |6 245-01/Grek |a Οδηγός της Θάσου |c των Yves Grandjean και François Salviat ; με τη συνεργασία των Francine Blondé, Anne Coulié, Bernard Holtzman... [et al.] ; σχέδια και κατόψεις Manuela Wurch-Koželj ; με τη συνδρομή του Tony Koželj ; μετάφραση από τα γαλλικά Γιώργος Μ. Σανιδάς ; επιμέλεια Άρτεμις Αργύρη |
| 880 | |6 250-01/Grek |a 2η έκδοση ανανεωμένη και επαυξημένη | ||
| 951 | |a BO | ||
| 991 | |a Rezensiertes Werk | ||
| 999 | |a KXP-PPN1823126081 |e 4219583904 | ||


